[Event "Ottawa RA Fall op"]
[Site "Ottawa"]
[Date "2017.10.01"]
[Round "5"]
[White "Lanceman, Stefan"]
[Black "Cova, Ramon"]
[Result "0-1"]
[WhiteElo "1985"]
[BlackElo "2085"]
[PlyCount "62"]
[EventDate "2017.09.29"]
[EventType "swiss"]
[EventRounds "5"]
[EventCountry "CAN"]
[SourceTitle "EXT 2022"]
[Source "ChessBase"]
[SourceDate "2021.10.06"]
[SourceVersion "1"]
[SourceVersionDate "2021.10.06"]
[SourceQuality "1"]

1. e4 Nf6 2. e5 Nd5 3. d4 Nb6 4. c4 d6 5. exd6 exd6 6. Nf3 Bg4 7. Be2 Nc6 8. b3 Be7 9. Bb2 Bf6 10. 0-0 0-0 11. Qd2 d5 12. c5 Nc8 13. b4 a6 14. a4 Bxf3 15. Bxf3 N6e7 16. Nc3 c6 17. Qd3 g6 18. Bc1 Nf5 19. Ne2 Nce7 20. Bg4 Re8 21. Bh3 Ng7 22. Ng3 h5 23. f4 h4 24. Ne2 Nef5 25. Bb2 Re3 26. Qd2 Qe7 27. Rae1 Re8 28. Kf2 Qe4 29. Bg4 Rd3 30. Qc1 Qe3+ 31. Qxe3 Nxe3 0-1

[Event "Ottawa RA Fall op"]
[Site "Ottawa"]
[Date "2017.09.30"]
[Round "2"]
[White "Lanceman, Stefan"]
[Black "Donev, Danail"]
[Result "1/2-1/2"]
[WhiteElo "1985"]
[BlackElo "1945"]
[PlyCount "109"]
[EventDate "2017.09.29"]
[EventType "swiss"]
[EventRounds "5"]
[EventCountry "CAN"]
[SourceTitle "EXT 2022"]
[Source "ChessBase"]
[SourceDate "2021.10.06"]
[SourceVersion "1"]
[SourceVersionDate "2021.10.06"]
[SourceQuality "1"]

1. e4 c5 2. Nf3 d6 3. d4 cxd4 4. Qxd4 Nc6 5. Bb5 Bd7 6. Bxc6 Bxc6 7. Nc3 Nf6 8. Bg5 e6 9. 0-0-0 Be7 10. Rhe1 Qb6 11. Qxb6 axb6 12. Nd4 Ng4 13. Bxe7 Kxe7 14. f3 Nf6 15. Kb1 Rhd8 16. g4 g6 17. b3 Nd7 18. Nd5+ Kf8 19. Nc7 Rac8 20. Ncb5 Ke7 21. c4 Nc5 22. Nc3 e5 23. Ndb5 Ne6 24. Nd5+ Bxd5 25. Rxd5 Nc7 26. Nxc7 Rxc7 27. Red1 Rc6 28. Kb2 f5 29. gxf5 gxf5 30. Rg1 Rf8 31. Rg7+ Rf7 32. Rxf7+ Kxf7 33. Kc3 fxe4 34. fxe4 Ke6 35. Kb4 Rc7 36. Kb5 Rf7 37. Rd2 Rf4 38. Re2 Kd7 39. Kxb6 Kc8 40. b4 Rf3 41. Kb5 Kc7 42. c5 dxc5 43. Kxc5 Rd3 44. a4 h5 45. a5 Rd1 46. Rc2 Rd4 47. Rc4 Rd2 48. h4 Rd1 49. Kb5+ Kb8 50. Kb6 Rd4 51. Kb5 Rd1 52. Kb6 Rd4 53. Kb5 Rd1 54. Kb6 Rd4 55. Kb5 1/2-1/2

[Event "CAN-chT University"]
[Site "Montreal"]
[Date "2013.01.12"]
[Round "1"]
[White "Ding, Jack"]
[Black "Lanceman, Stefan"]
[Result "1/2-1/2"]
[WhiteElo "1809"]
[BlackElo "1830"]
[PlyCount "61"]
[EventDate "2013.01.12"]
[EventType "swiss"]
[EventRounds "5"]
[EventCountry "CAN"]
[SourceTitle "EXT 2014"]
[Source "ChessBase"]
[SourceDate "2013.11.20"]
[SourceVersion "1"]
[SourceVersionDate "2013.11.20"]
[SourceQuality "1"]

1. d4 Nf6 2. c4 e6 3. Nc3 Bb4 4. e3 c5 5. Bd3 cxd4 6. exd4 d5 7. Nf3 dxc4 8. Bxc4 a6 9. Qa4+ Nc6 10. Ne5 Bd7 11. Nxc6 Bxc3+ 12. bxc3 Bxc6 13. Qb3 b5 14. Bd3 0-0 15. 0-0 Bd5 16. Qc2 h6 17. Qe2 Qc7 18. Bd2 Rac8 19. a4 Bc4 20. axb5 axb5 21. Bxc4 Qxc4 22. Qf3 Nd5 23. Qg3 Kh7 24. Rac1 Qb3 25. Qd3+ Kg8 26. Rb1 Qc4 27. Qxc4 Rxc4 28. Rxb5 Nxc3 29. Bxc3 Rxc3 30. d5 exd5 31. Rxd5 1/2-1/2